000 00547nam a2200217Ia 4500
003 OSt
005 20220928142223.0
006 a|||||r|||| 00| 0
007 ta
008 220927b |||||||| |||| 00| 0 eng d
024 _a18698
037 _cTextual
040 _aSDCL
_cSDCL
_beng
041 _2eng
_aeng
082 _aO15:gxJ00,1, P3
100 _aNanda Bhagirathi
_9502930
245 0 _aSahityaratnakarmimansa.
260 _c2003
942 _hO15:gxJ00,1, P3
_cTEXL
_2CC
999 _c820926
_d820926